| 000 | 00000nam 2200000za 4500 |
| 001 | 9.678444 |
| 003 | CaOODSP |
| 005 | 20250506145324 |
| 007 | ta |
| 008 | 150407|1992||||xxc||||| f|0| 0 fre d |
| 020 | |a0-662-97864-1 |
| 040 | |aCaOODSP|bfre |
| 043 | |an-cn--- |
| 086 | 1 |aA53-1887/1992F |
| 110 | 1 |aCanada.|bAgriculture Canada. |
| 245 | 10|aCultures de remplacement pour les Prairies / |cpar Ferdinand A. Kiehn et Mel Reimer. Publié par le Service aux programmes de recherches. |
| 260 | |aOttawa - Ontario : |bAgriculture Canada |c1992. |
| 300 | |a46p. : |bill. ; |c23 cm. |
| 500 | |aSommaire: Introduction.--Haricot azuki.--Amarante.--Bourrache officinale.--Carvi.--Coriandre.--Onagre.--Fenugrec.--Millet d'Italie.--Crosne du Japon.--Topinambour.--Gesse (Lathyrus).--Monarde.--Niger.--Pavot.--Millet commun.--Quinoa.--Haricot tépary. |
| 563 | |aCouverture souple |
| 590 | |a93-48|b1993-12-03 |
| 691 | 07|aCultures|2gcpds |
| 720 | 1 |aKiehn, Ferdinand A. |
| 720 | 1 |aReimer, Mel |
| 775 | 08|tAlternative crops for the prairies / |w(CaOODSP)9.644616 |
| 776 | 0#|tCultures de remplacement pour les Prairies |w(CaOODSP)9.816762 |
| 986 | |aPublication 1887/E |